000 00350nam a2200133 4500
008 191125s2017||||xo d
245 1 0 _aHenrich Bartek v slovenskej jazykovede a kultúre
250 _a1.vydanie
260 _bPost Scriptum
_c2017
_aBratislava
300 _a290s.
020 _a9788089567812
_c12,85
041 1 _aslo
044 _axo
_cSK
999 _c22816
_d22816